| 000 | 00551nam a22001697a 4500 | ||
|---|---|---|---|
| 020 | _a9783030870256 | ||
| 082 |
_a658.4033 _bPAC |
||
| 100 | _aPaczkowski, Walter R. | ||
| 245 |
_aBusiness analytics: data science for business problems/ _cWalter R. Paczkowski |
||
| 260 |
_aSwitzerland: _bSpringer Nature; _c2021. |
||
| 300 | _a387p. | ||
| 563 | _aPB. | ||
| 650 |
_aData science _abusiness problems _9123641 |
||
| 650 |
_aE-BOOKBANK.SEECSTEXTBOOK _9125472 |
||
| 856 | _uhttp://10.250.8.41:8080/xmlui/handle/123456789/41795 | ||
| 942 |
_2ddc _cBK |
||
| 999 |
_c609774 _d609774 |
||